000 00975nam2a2200217 4500
001 RU\NLR\BIBL_A\012490008
005 20250624050215.0
035 _a(NLR Aleph) 012490008
090 _a12174196
_c12174196
100 _a20210330d1975 |||y0rusy50 ca
101 1 _alez
_cava
102 _aRU
105 _ac z 000ay
200 0 _a[Кн. 1]
210 _d1975
_aБ. м.
215 _a340,[1] с.
_cпортр.
461 0 _1001RU\NLR\BIBL_A\012490031
_12001#$aЗи Дагъустан$fРасул Гьамзатов$g[авар чIалай пер. авурди М. Гьажиев]$v[Кн. 1]
_1700#1$aГамзатов$bР.Г.$f1923-2003$gРасул Гамзатович$4070$3RU\NLR\AUTH\7731147
_912174320
_aГамзатов, Р. Г. (1923-2003)
_cМахачкала
_d1975-1977
_fРасул Гьамзатов
_nДаг. кн. изд-во
_tЗи Дагъустан
_v[Кн. 1]
852 _aNLR
_bОНЛ
_jЛезг./1-217
942 _cBOOK
980 _aNB